000 nam a22 7a 4500
999 _c7816
_d7816
008 171018b xxu||||| |||| 00| 0 eng d
100 _aTayal.B.B.
_94290
245 _aSocial Science-VII
260 _aNew Delhi